000 01021nam a2200289 4500
001 190463
003 ES-MaACL
005 20251218063016.0
008 210330s2004 sp f 001 0aspa
020 _a84-264-1427-3
080 _a929 Miró, Asha
080 _a341.96:347.633(460.23)
100 1 _aMiró, Asha,
_d1967-
_9171164
245 1 4 _aLas dos caras de la luna /
_cAsha Miró ; traducción de Silvia Senz Bueno.
250 _a1ª ed.
260 _aBarcelona :
_bLumen,
_c2004.
300 _a138 p., [32] p. de lám. col. y n. ;
_c21 cm.
490 1 _aVivencias
500 _aGlosario de palabras de la lengua marathi.
600 1 4 _aMiró, Asha,
_d1967-
_9171164
650 0 7 _aAdopción internacional-
_zCataluña.
_9171165
830 1 _aVivencias
_9225889
852 4 _aES-MaACL
_jA-14664
_9197640
_bR.152365
_cDEPO1
_dOlim: N-7664
_hDonación: José Lázaro
903 _9234219
_aLázaro García, José
_ednr
942 _2udc
_cMONOGRAFIA
999 _c190463
_d190463